Culture Générale - Série 1195 - Statistiques

Statistiques générales
  • Ce quiz a été pris 87 fois
  • Le résultat moyen est 5 sur 10
Statistiques - réponses
Question Réponse % Correct
Dans quelle grande ville du sud-ouest de la France se trouve la Place du Capitole ? Toulouse
96%
Sur la plage, de quelle couleur est le drapeau indiquant une mer dangereuse mais surveillée ? orange
93%
Dans quel pays se situe le parc national de Kakadu, inscrit au patrimoine mondial de l'Unesco, qui a servi de décor au film "Crocodile Dundee" ? Australie
72%
Quelle émission de télé réalité est connue pour son confessionnal, sa Voix et sa maison des secrets ? Secret Story
63%
Quel État d'Amérique du Sud, limitrophe du Brésil, est baigné au nord par la mer des Antilles et à l'ouest par l'océan Pacifique ? Colombie
59%
Quelle grande ville portuaire du Chili peut se traduire par "vallée du paradis" ? Valparaiso
45%
Qui a écrit la tragédie "Athalie", en 1691 ? Jean Racine
30%
Quel était le prénom du célèbre général MacArthur ? Douglas
20%
Quel acteur incarne le mari de Elizabeth Taylor dans “La Chatte sur un toit brûlant” en 1958 ? Paul Newman
20%
Selon Hésiode, dans la mythologie grecque, qui est le première femme ? Pandore
15%
Aucun quiz correspondant
Distribution des résultats
% des personnes avec chaque résultat
Percentile par nombre de réponses
Votre historique - résultats
Vous n’avez pas pris ce quiz